Neulateinische dichtung in Italien, 1850 - 1950

Guardat en:
Dades bibliogràfiques
Autor principal: Giustiniani, Vito R.
Format: Llibre
Idioma:Undetermined
Publicat: Tübingen, Alemania Max Niemeyer 1979
Matèries:
Etiquetes: Afegir etiqueta
Sense etiquetes, Sigues el primer a etiquetar aquest registre!

MARC

LEADER 00000nam a2200000Ia 4500
008 170316s9999 xx 000 0 und d
999 |c 8143  |d 8143 
040 |a cru BVZT 
090 |a 850 G-1n 
100 |a Giustiniani, Vito R. 
245 |a Neulateinische dichtung in Italien, 1850 - 1950  |c / Vito R. Giustiniani 
260 |a Tübingen, Alemania  |b Max Niemeyer  |c 1979 
300 |a 118 páginas 
650 |a LITERATURA ITALIANA  |9 212 
942 |c 15 D  |h 850 G-1n  |2 z